Logique, langage et théorie de l'information /
Guardado en:
| Autor Principal: | |
|---|---|
| Otros Autores: | , |
| Formato: | Libro |
| Idioma: | French |
| Publicado: |
Paris :
Presses Universitaires de France,
1957.
|
| Edición: | 1e. éd. |
| Series: | Bibliothèque scientifique internationale. Études d'épistemolgie génétique ;
3 |
| Etiquetas: |
Agregar Etiqueta
Sin Etiquetas, Sea el primero en etiquetar este registro!
|
| LEADER | 00734nam a22001935a 4500 | ||
|---|---|---|---|
| 001 | MAT.inmabb002362 | ||
| 008 | 040331s1957####fr############001#0#fre#d | ||
| 005 | 20151116191033.0 | ||
| 245 | 1 | 0 | |a Logique, langage et théorie de l'information / |c par L. Apostel, B. Mandelbrot et A. Morf. |
| 250 | |a 1e. éd. | ||
| 260 | |a Paris : |b Presses Universitaires de France, |c 1957. | ||
| 300 | |a vi, 207 p. ; |c 23 cm. | ||
| 440 | 0 | |a Bibliothèque scientifique internationale. |p Études d'épistemolgie génétique ; |v 3 | |
| 500 | |a Serie publicada bajo la dirección de Jean Piaget. | ||
| 100 | 1 | |a Apostel, Leo. | |
| 700 | 1 | |a Mandelbrot, Benoit B. | |
| 700 | 1 | |a Morf, Albert. | |
| 084 | |a 94-01 (94A15 03B65) |2 msc2000 | ||
| 859 | |h 94 |i Ap645 |p A-8102 |b BIB. MATEMATICA | ||
